A PRACTICAL COURSE IN ENGLISH PRONUNCIATION (Record no. 1993)
[ view plain ]
| 000 -LEADER | |
|---|---|
| fixed length control field | 00496nam a22001817a 4500 |
| 005 - DATE AND TIME OF LATEST TRANSACTION | |
| control field | 20241209125158.0 |
| 008 - FIXED-LENGTH DATA ELEMENTS--GENERAL INFORMATION | |
| fixed length control field | 241209b |||||||| |||| 00| 0 eng d |
| 020 ## - INTERNATIONAL STANDARD BOOK NUMBER | |
| International Standard Book Number | 9788120325944 |
| 050 ## - LIBRARY OF CONGRESS CALL NUMBER | |
| Classification number | PE 1137 |
| Item number | SET |
| 100 ## - MAIN ENTRY--PERSONAL NAME | |
| Personal name | SETHI, J. |
| 245 ## - TITLE STATEMENT | |
| Title | A PRACTICAL COURSE IN ENGLISH PRONUNCIATION |
| Statement of responsibility, etc. | SETHI, J. |
| 260 ## - PUBLICATION, DISTRIBUTION, ETC. | |
| Place of publication, distribution, etc. | NEW DELHI |
| Name of publisher, distributor, etc. | PRENTICE-HALL OF INDIA |
| Date of publication, distribution, etc. | c2004 |
| 300 ## - PHYSICAL DESCRIPTION | |
| Extent | XI; 222p |
| 500 ## - GENERAL NOTE | |
| General note | includes cd rom |
| 700 ## - ADDED ENTRY--PERSONAL NAME | |
| Personal name | SADANAND, KAMLESH |
| 700 ## - ADDED ENTRY--PERSONAL NAME | |
| Personal name | JINDAL, D. V. |
| 942 ## - ADDED ENTRY ELEMENTS (KOHA) | |
| Source of classification or shelving scheme | Library of Congress Classification |
| Koha item type | Books |
| Suppress in OPAC | No |
| 999 ## - | |
| -- | 1993 |
| -- | 1993 |
| Withdrawn status | Lost status | Source of classification or shelving scheme | Damaged status | Not for loan | Collection | Home library | Current library | Shelving location | Date acquired | Total checkouts | Full call number | Barcode | Date last seen | Copy number | Price effective from | Koha item type |
|---|---|---|---|---|---|---|---|---|---|---|---|---|---|---|---|---|
| Library of Congress Classification | Non-fiction | Undergraduate Library (Christ Temple) | Undergraduate Library (Christ Temple) | General stacks | 12/09/2024 | PE 1137 SET | ulct00000533 | 12/09/2024 | 1 | 12/09/2024 | Books | |||||
| Library of Congress Classification | Non-fiction | Undergraduate Library (Christ Temple) | Undergraduate Library (Christ Temple) | General stacks | 12/09/2024 | PE 1137 SET | ulct00000534 | 12/09/2024 | 2 | 12/09/2024 | Books | |||||
| Library of Congress Classification | Non-fiction | Undergraduate Library (Christ Temple) | Undergraduate Library (Christ Temple) | General stacks | 12/09/2024 | PE 1137 SET | ulct00000535 | 12/09/2024 | 3 | 12/09/2024 | Books |